Loading...
Abelian varieties/
| Main Author: | |
|---|---|
| Format: | Printed Book |
| Language: | English |
| Published: |
Hindustan,
2008.
|
| LEADER | 00369nam a2200109Ia 4500 | ||
|---|---|---|---|
| 008 | 120707s9999 xx 000 0 eng d | ||
| 100 | |a Mumford, David | ||
| 245 | 0 | |a Abelian varieties/ | |
| 260 | |b Hindustan, |c 2008. | ||
| 942 | |c BK | ||
| 999 | |c 135049 |d 135049 | ||
| 952 | |0 0 |1 0 |4 0 |6 20_000000000000000_MUM |7 0 |9 149338 |a MAT |b MAT |c ST1 |d 2012-07-10 |i G732 |l 0 |o 20 MUM |p MATG732 |r 2013-08-01 |w 2013-08-01 |y BK | ||